[Event "RUS-chT 19th"]
[Site "Sochi"]
[Date "2012.04.11"]
[Round "3"]
[White "Svidler, Peter"]
[Black "Jakovenko, Dmitrij"]
[Result "0-1"]
[WhiteElo "2744"]
[BlackElo "2729"]
[Annotator "Ftacnik,L"]
[PlyCount "50"]
[EventDate "2012.04.09"]
[EventType "team-swiss"]
[EventRounds "7"]
[EventCountry "RUS"]
[SourceTitle "CBM 148"]
[Source "ChessBase"]
[SourceDate "2012.05.16"]
[SourceVersion "1"]
[SourceVersionDate "2012.05.16"]
[SourceQuality "1"]
[WhiteTeam "St Petersburg Chess Fed"]
[BlackTeam "Khanty Mansyisk Yugra"]
[WhiteTeamCountry "RUS"]
[BlackTeamCountry "RUS"]

1. d4 Nf6 2. c4 e6 3. Nf3 d5 4. Nc3 Be7 5. Qc2 {The early queen move is
nothing special in different openings after 1.d4. In the Queen's Gambit it
means the investment of a vital tempo and it gives Black the chance to try
pointing out its drawbacks.} c5 6. dxc5 d4 7. Nb5 e5 $1 {Without the witty
move 7..e5! the whole black setup would be rather pointless. The defender is
ready to sacrifice some material in order to lure White's pieces on to
unnatural squares.} (7... Nc6 8. Bf4 O-O 9. O-O-O Bd7 10. Nbxd4 Qa5 11. a3 Nxd4
12. Nxd4 Qxc5 13. b4 Qc8 14. e4 a5 15. b5 Qc5 16. e5 Nh5 17. Be3 Qxe5 $15 {
1-0 Vera Gonzalez Quevedo,R (2470)-Boensch,U (2530)/Portoroz 1987 (39)}) (7...
Bxc5 8. Bf4 Qa5+ (8... e5 9. Bxe5 Bb4+ 10. Nd2 Nc6 11. Bxd4 Nxd4 12. Nxd4 O-O
13. e3 Bxd2+ 14. Qxd2 Ne4 15. Qb4 Qf6 16. Nf3 Bg4 17. Be2 Rad8 18. c5 Rfe8 19.
Rd1 $16 {0-1 Galliamova,A (2445)-Geller,E (2515)/Vienna 1993 (30)}) (8... Na6
9. a3 Ng4 10. Qd2 O-O 11. b4 $16 Bb6 12. Bd6 Qf6 13. c5 Bd7 14. Nbxd4 Rfd8 15.
h3 e5 16. hxg4 exd4 17. Be5 Qe6 18. cxb6 Bc6 19. Bxd4 $18 {1-0 Miles,A (2565)
-Noble,M (2320)/Auckland 1992 (27)}) (8... O-O 9. O-O-O Qa5 10. a3 Nc6 11. b4
Bxb4 12. axb4 Nxb4 13. Bd2 $18 {Eingorn,V-Vaganian,R/URS (ch) 1988}) 9. Bd2 Qb6
10. b4 Be7 11. a3 e5 12. Nxe5 g6 13. c5 Qd8 14. Nd6+ Bxd6 15. cxd6 O-O 16. Rc1
Qxd6 17. Qxc8 Qxe5 18. Qxb7 $16 {0-1 Eingorn,V (2545)-Beliavsky,A (2630)/Minsk
1987 (35)}) 8. e3 {It is quite possible that this important game will trigger
the reevaluation of the whole system with the move 5.Qc2. The developing idea
8.e3 will not bring White much satisfaction, so it might be necessary to turn
the attention towards the more courageous 8.Nxe5.} (8. Nxe5 a6 9. Na3 (9. Nd6+
$2 Bxd6 10. cxd6 Qa5+ 11. Qd2 Qxe5 12. Qf4 Qc5 13. e3 Nc6 14. exd4 Nxd4 15. Bd3
Ne6 16. Qg3 Nh5 17. Qf3 Qxd6 $17 {1/2-1/2 Zhu Chen (2485)-Zatonskih,A (2522)/
Hangzhou 2011 (53)}) (9. Qa4 O-O 10. Nd6 Bxd6 11. cxd6 Qxd6 12. Nd3 Bf5 13. Bf4
Qe6 14. Qa3 Qxc4 {1/2-1/2 Bogner,S (2522)-Naumann,A (2528)/Bad Liebenzell 2010}
) 9... O-O $1 (9... Bxc5 10. Nd3 Bxa3 11. bxa3 O-O 12. g3 Re8 13. Bg2 Bg4 14.
O-O (14. f3 $6 Bf5 15. O-O Nc6 $44) 14... Bxe2 (14... Rxe2 15. Qb3 $16) 15. Re1
Bxd3 16. Rxe8+ Qxe8 17. Qxd3 Qe1+ $2 (17... Nc6 18. Rb1 $14 (18. Bf4 $14)) 18.
Qf1 Qc3 19. Rb1 $16 {1-0 Dreev,A (2645)-Vaganian,R (2595)/Budapest 1996 (47)})
10. g3 (10. Nd3 $5 Bf5 $44 {/\Nbd7}) 10... Qa5+ 11. Bd2 Qxc5 12. Nd3 (12. Nf3
Bf5 13. Qb3 Nc6 14. Bg2 Ne4 15. O-O Rac8 $44) 12... Qc6 13. Rg1 (13. f3 $6 Bxa3
14. bxa3 Re8 $36) 13... Bf5 14. Bg2 Qc8 15. c5 $2 (15. Qb3 Nc6 $44 {/\} 16.
O-O-O $2 (16. c5 Re8 17. Rc1 Bf8 18. Kf1 (18. Nc4 $2 Bxd3 19. Qxd3 Bxc5 $15)
18... Ne4 19. Be1 Qd7 20. Bf3 Bh3+ 21. Bg2 Bf5 22. Bf3 {1-0 Markus,R (2481)
-Benkovic,P (2469)/Subotica 2003 (62)}) 16... b5 $1 $40) 15... Nbd7 16. c6 (16.
b4 a5 $36) 16... Bxa3 17. bxa3 Ne5 18. Nxe5 Bxc2 19. cxb7 Qe6 20. bxa8=Q Rxa8
21. Bxa8 Qxe5 22. Bf4 $2 (22. Rc1 d3 23. e3 Ne4 $40) (22. f4 $1 {/\Bf3,Kf2})
22... Qa5+ $17 {0-1 Khalifman,A (2688)-Topalov,V (2739)/Dubai 2002 (32)}) 8...
Nc6 {Jakovenko does not see the need to kick the knight from b5 and uses the
tempo more usefully.} (8... a6 9. Nd6+ Bxd6 10. cxd6 Qxd6 11. exd4 exd4 12. Bd3
O-O 13. O-O Nc6 14. h3 Nb4 15. Qd1 Rd8 16. Re1 b5 17. Ne5 Bb7 18. Bf4 Nxd3 19.
Qxd3 bxc4 20. Qxc4 Qd5 21. Qxd5 Nxd5 22. Bd2 $11 {1-0 Ovsejevitsch,S (2597)
-Krivoborodov,E (2499)/Bad Wiessee 2010 (53)}) 9. exd4 exd4 10. Bf4 O-O 11. Bc7
{[%mdl 4] Svidler would badly need some success based on the control of the
b8-h2 diagonal. Objectively his situation complicates the vulnerable position
of his king.} (11. Nc7 Bxc5 (11... Nh5 12. Bd6 Bxd6 13. cxd6 Qxd6 14. Nxa8 Re8+
15. Kd1 Bg4 $11) 12. Bd3 (12. Nxa8 $2 Re8+ 13. Kd2 Nb4 14. Qb3 Ne4+ 15. Kc1 Bd6
16. Bd2 Bf5 17. a3 (17. Bxb4 Bf4+ $19) 17... Nxd2 18. Kxd2 Qa5 19. Kd1 Bd7 $19)
12... Nb4 13. Qb1 Rb8 14. O-O Bg4 $15) 11... Qd7 (11... Qe8 12. O-O-O Bxc5 13.
Bd6 Bxd6 14. Nxd6 Qe6 15. Nb5 $14) 12. Ne5 (12. Bd6 Bxd6 13. Nxd6 (13. cxd6
Re8+ 14. Kd1 Ne4 $17) 13... b6 14. O-O-O bxc5 $17) (12. O-O-O a6 $17) 12... Qe6
13. O-O-O Ne8 $1 {Jakovenko's modest move indicates, that White has exposed
himself to the maximum without really gaining anything tangible.} (13... Nxe5
$2 14. Nxd4 Qa6 15. Bxe5 $16) 14. f4 (14. Re1 a6 15. Nd3 Qf6 16. Bg3 axb5 17.
cxb5 Nd8 $17) 14... Qh6 {It would have been nearly unjust to criticise the
unpleasant move by the black queen. The second player had to forego the
tempting possibility of kicking the opponent away with the immediate blow 14...
a6!?} (14... a6 $5 15. Nxc6 bxc6 16. Nxd4 Qe3+ 17. Qd2 Qxd2+ 18. Rxd2 Nxc7 $17)
15. Nxc6 (15. Qd2 Bxc5 16. Nd3 a6 17. Nxc5 axb5 $17) 15... bxc6 16. Qe4 Bxc5
17. Be5 $2 {The white position was not healthy any more, but the bishop
centralisation will lead to utter catastrophe. His opponent's task would have
been much more difficult after the clever retreat of the bishop 17.Ba5!} (17.
Ba5 $1 Bg4 18. Rd2 Bb6 (18... f5 $2 19. Qe5 $14) 19. Bxb6 axb6 20. a3 Rd8 21.
Nxd4 Nf6 22. Qe5 Rde8 23. Qg5 (23. Qd6 c5 24. Nc6 Re1+ 25. Kc2 Rfe8 $17) 23...
Qxg5 24. fxg5 Re1+ 25. Kc2 Ne4 $17) 17... Bg4 $1 18. b4 (18. Be2 $2 Bxe2 19.
Qxe2 cxb5 $19) (18. Rd2 f5 19. Qc2 cxb5 $19) 18... Bxb4 19. Rxd4 f6 {A very
rare situation as White is only seldom burdened with so many exposed pieces in
the centre that are under fire.} (19... f5 20. Qc2 (20. Qb1 Bc5 $19) 20... Bc5
21. Rd3 cxb5 22. cxb5 Bb6 $19) 20. Bd6 (20. Qxc6 Rc8 21. Qa6 (21. Qd5+ Rf7 22.
Bd6 Nxd6 23. Nxd6 Bxd6 24. Qxd6 Rd7 $19) 21... fxe5 $19) 20... Nxd6 21. Nxd6
Bxd6 22. Rxd6 Rae8 {The decisive motif turns out to be quite simple. Black
will very elegantly prove that his opponent has not managed to complete his
piece development. The consequences are usually quite painful...} 23. Qd4 (23.
Qd3 Qxf4+ 24. Qd2 Re1+ 25. Kc2 Qe5 $19) (23. Qxc6 Qxf4+ 24. Kc2 Bf5+ 25. Kd1
Rb8 26. Bd3 Bg4+ $19) 23... Re1+ 24. Kc2 (24. Kb2 Rd1 25. Qc5 Qxf4 26. Rxd1
Bxd1 $19) 24... Rd1 $1 25. Qc5 Qxf4 {The charming piece sacrifice decides a
briskly played game. Svidler does not lose with the white pieces in 25 moves
all that often.} (25... Qxf4 26. Rxd1 Bxd1+ 27. Kxd1 Rd8+ 28. Kc2 (28. Bd3
Rxd3+ 29. Kc2 Qe4 $19) 28... Qd2+ 29. Kb3 Rb8+ 30. Ka4 Qc2+ 31. Ka3 Qb2+ 32.
Ka4 a5 $19) 0-1

[Event "URS-chT Republics 19th final A"]
[Site "Azov"]
[Date "1991.??.??"]
[Round "1"]
[White "Lputian, Smbat G"]
[Black "Beliavsky, Alexander G"]
[Result "1-0"]
[WhiteElo "2570"]
[BlackElo "2655"]
[Annotator "Ftacnik,L"]
[PlyCount "85"]
[EventDate "1991.??.??"]
[EventType "team-tourn"]
[EventRounds "3"]
[EventCountry "URS"]
[SourceTitle "EXT 2020"]
[Source "ChessBase"]
[SourceDate "2019.10.17"]
[SourceVersion "1"]
[SourceVersionDate "2019.10.17"]
[SourceQuality "1"]
[WhiteTeam "Armenia"]
[BlackTeam "Ukraine"]
[WhiteTeamCountry "ARM"]
[BlackTeamCountry "UKR"]

1. d4 Nf6 2. c4 e6 3. Nf3 d5 4. Nc3 Be7 5. Bf4 O-O 6. e3 c5 7. dxc5 Bxc5 8.
cxd5 Nxd5 9. Nxd5 exd5 10. a3 Nc6 11. Bd3 Bb6 12. O-O Qf6 13. b4 Bf5 (13... Bg4
14. h3 Bf5 15. b5 Nd4 16. Bxf5 Nxf3+ 17. Qxf3 Qxf5 18. Rfd1 Rad8 19. Rac1 d4
20. Bc7 Qxf3 21. gxf3 Rd5 22. Bxb6 axb6 23. Rxd4 Rxb5 24. Rc7 $14 {Yusupov,
A-Beliavsky,A/Linares/1990/ ->CBM 17}) 14. b5 Nd4 15. Ne5 Bxd3 16. Qxd3 Rfd8 (
16... Ne6 17. Nd7 $18) 17. a4 Ne6 18. a5 Bc7 (18... Nxf4 19. exf4 Bc7 20. Qd4
$14) 19. Ng4 Qe7 (19... Qg6 $5 20. Qxg6 hxg6 21. Bxc7 Nxc7 $10) 20. Bxc7 Qxc7 (
20... Nxc7 21. b6 axb6 22. axb6 Rxa1 23. Rxa1 Na6 24. Qd4 $14) 21. Rfc1 Qd6 22.
Qf5 d4 (22... Nc7 23. Rab1 (23. Ne5 f6 $1)) 23. Ne5 Qe7 (23... f6 24. Nc4 (24.
Nc6 Rd7 25. Nxd4 Nxd4 26. exd4 Qxd4 27. Qe6+ Kh8 $14) 24... Qd5 25. Qxd5 Rxd5
26. b6 $36) 24. a6 $1 dxe3 25. fxe3 Rac8 26. Rxc8 Rxc8 27. axb7 Qxb7 28. Nc6
Ra8 29. Qf3 Kf8 (29... Nc5 30. Qd5 $18) 30. Qe4 g6 (30... Qxb5 31. Nd4 Qb8 32.
Nxe6+ fxe6 33. Qxh7 $18) 31. Qe5 Kg8 32. h4 a6 33. Qf6 a5 (33... Qxb5 34. Ne7+
Kf8 35. Qh8+ Kxe7 36. Qxa8 $18) 34. Ne7+ Kf8 35. Rf1 Nd8 $8 36. h5 $1 Ke8 37.
Nc6 Ne6 38. Qh8+ Nf8 39. Qe5+ Ne6 40. Qh8+ Nf8 41. Ne5 Qe4 42. Qf6 Ra7 (42...
Qxe3+ 43. Kh1 Qa7 44. Qc6+ $18) 43. Nxf7 {Ftacnik,L} 1-0

[Event "Buenos Aires Najdorf"]
[Site "Buenos Aires"]
[Date "1993.??.??"]
[Round "9"]
[White "Seirawan, Yasser"]
[Black "Campora, Daniel Hugo"]
[Result "0-1"]
[WhiteElo "2595"]
[BlackElo "2550"]
[Annotator "Ftacnik,L"]
[PlyCount "80"]
[EventDate "1993.04.??"]
[EventType "tourn"]
[EventRounds "11"]
[EventCountry "ARG"]
[EventCategory "13"]
[SourceTitle "CBM 035"]
[Source "ChessBase"]
[SourceDate "1993.08.01"]
[SourceVersion "1"]
[SourceVersionDate "1993.08.01"]
[SourceQuality "1"]

1. d4 d5 2. c4 e6 3. Nc3 Nf6 4. Nf3 Be7 5. Bf4 O-O 6. e3 c5 7. dxc5 Bxc5 8.
cxd5 Nxd5 9. Nxd5 exd5 10. Bd3 Bb4+ 11. Ke2 Nc6 (11... Bd6 12. Bxd6 Qxd6 13.
Qa4 Nc6 14. Rhd1 Ne5 15. Nxe5 Qxe5 16. Qh4 g6 17. Rd2 d4 18. e4 Re8 19. Kf1 Be6
20. f4 Qa5 21. Qf2 Rac8 22. Kg1 Red8 23. h3 Rc6 24. f5 $14 {Smyslov,
V-Beliavsky,A/Moskva/1981/}) 12. Qb1 $5 (12. Qc2 h6 (12... g6 13. Rhd1 Bg4 14.
Qa4 (14. Kf1 Bxf3 15. gxf3 Qf6 16. a3 Ba5 17. Kg2 Bb6 $15 {Petrosian,A-Lputian,
S/Erevan/1982/}) 14... Qe7 15. Bb5 Rfd8 16. Bxc6 bxc6 17. h3 Bxf3+ 18. gxf3 Bd6
19. Bxd6 Qxd6 20. Rd2 Rd7 21. Rc1 c5 22. Qb5 d4 23. b4 Rad8 24. Rcd1 $14 {
Gurevich,D-Rechlis,G/Beersheva/1987/}) 13. Rhd1 (13. h3 Be6 14. Rhd1 Rc8 15.
Qa4 Qf6 16. Rab1 d4 17. Rbc1 {0,5/Knezevic,M-Meyer,P/Wuppertal/1986/}) 13...
Be6 14. Kf1 Rc8 15. Qa4 Bd6 16. a3 Bxf4 17. Qxf4 Qc7 18. Qxc7 Rxc7 19. Rac1
Rfc8 20. Rc3 Na5 21. Rxc7 Rxc7 22. Nd4 a6 23. Ke2 Bg4+ 24. f3 $14 {Gomez
Esteban,JM-Arlandi,E/Lisboa zt (06)/1993/}) (12. h3 Bd6 13. Qa4 Nb4 14. Bxd6
Qxd6 15. Qa3 Qb6 16. Rhd1 Bd7 17. Nd4 a5 18. Kf1 f5 19. Ne2 Bb5 20. Bxb5 Qxb5
21. Rd2 Rac8 22. Rad1 a4 23. Kg1 Nc2 24. Qd6 $16 {De Firmian,N-Handoko,E/Dubai
olm (5)/1986/}) 12... h6 13. Rd1 Re8 14. Kf1 (14. h3 Be6) 14... Bg4 15. Be2 Qd7
16. a3 Bf8 (16... Be7 17. b4 Bf6 18. Ra2 Rad8 19. Rad2 Bf5 $13) 17. b4 a6 (
17... Rad8 18. h3 Be6 19. b5 $14) 18. Ra2 Rad8 19. Rad2 Qe6 20. Qa2 Qf6 $1 21.
Nd4 (21. Rxd5 Be6 22. Rxd8 Rxd8 $1 (22... Bxa2 23. Rxe8 {/\ Bd6}) 23. Qc2 Rxd1+
24. Bxd1 Qa1 $132) 21... Bxe2+ 22. Nxe2 (22. Rxe2 Bd6 $10) 22... g5 23. Bc7 Rd7
24. Bg3 (24. Bb6 $2 Nxb4 25. axb4 Qxb6 $17) 24... Rxe3 25. Rxd5 Rxd5 26. Rxd5 (
26. Qxd5 Rxa3 $17) 26... Bxb4 $1 27. axb4 (27. Kg1 Rxa3 $19) 27... Nxb4 28. Rd6
(28. Qd2 Nxd5 29. Qxd5 Qa1+ $19) 28... Rd3 $3 29. Qa4 $8 (29. Rxf6 Rd1#) (29.
Rxd3 Nxa2 $19) 29... Rxd6 30. Bxd6 Qxd6 $19 31. Qe8+ Kg7 32. g3 Qd1+ 33. Kg2
Qd5+ 34. Kf1 Nc2 35. h3 Qd1+ 36. Kg2 Ne1+ 37. Kf1 Nf3+ 38. Kg2 Qd5 39. Kf1 Nd2+
40. Kg1 Qe6 0-1

[Event "Sochi-A"]
[Site "Sochi"]
[Date "1989.??.??"]
[Round "?"]
[White "Ruban, Vadim"]
[Black "Geller, Efim P"]
[Result "1/2-1/2"]
[WhiteElo "2515"]
[BlackElo "2505"]
[Annotator "Ftacnik,L"]
[PlyCount "46"]
[EventDate "1989.01.??"]
[EventType "tourn"]
[EventRounds "15"]
[EventCountry "URS"]
[EventCategory "10"]
[SourceTitle "CBM 016"]
[Source "ChessBase"]
[SourceDate "1990.06.01"]
[SourceVersion "1"]
[SourceVersionDate "1990.06.01"]
[SourceQuality "1"]

1. d4 d5 2. c4 e6 3. Nc3 Be7 4. Nf3 Nf6 5. Bf4 O-O 6. e3 c5 7. dxc5 Bxc5 8. Qc2
Nc6 9. a3 Bd7 10. Rd1 Rc8 11. Be2 (11. cxd5 exd5 12. Be2 Be6 13. O-O) 11... Be7
12. O-O dxc4 13. Bxc4 Qb6 {N} (13... Qa5 14. Qb3 Rfd8 15. Qxb7 e5 16. Bg3 Rb8
17. Qa6 Qxa6 18. Bxa6 e4 19. Ne5 $16 {Portisch,L-Westerinen,H/Nice ol/1974/1/
4-1/4/35/}) 14. Ng5 (14. Ba2 $5 Rfd8 15. Nd2 $14) 14... h6 15. Nge4 Na5 (15...
Nxe4 16. Qxe4 Na5 $1 17. Rxd7 Rxc4 18. Qf3 Bf6 $13) 16. Nxf6+ Bxf6 17. Ba2 Bb5
(17... Bxc3 $5 18. Bb1 f5 19. bxc3 Bb5 $13) 18. Bb1 g6 19. Rd6 Qc5 20. Rxe6 (
20. Nxb5 Qxb5 21. Qd1 Bg7 22. b4 Nc4 23. Bd3 $14) 20... Qc4 21. Nxb5 Qxc2 (
21... Qxe6 $5 22. Qa4 $13) 22. Bxc2 fxe6 23. Bxg6 Kg7 $13 {Ftacnik} 1/2-1/2

[Event "Tilburg"]
[Site "Tilburg"]
[Date "1994.??.??"]
[Round "4"]
[White "Akopian, Vladimir Eduardovic"]
[Black "Pigusov, Evgeny"]
[Result "1-0"]
[WhiteElo "2630"]
[BlackElo "2575"]
[Annotator "Ftacnik,L"]
[PlyCount "74"]
[EventDate "1994.09.??"]
[EventType "k.o."]
[EventRounds "7"]
[EventCountry "NED"]
[SourceTitle "CBM 044"]
[Source "ChessBase"]
[SourceDate "1995.02.01"]
[SourceVersion "1"]
[SourceVersionDate "1995.02.01"]
[SourceQuality "1"]

1. d4 Nf6 2. c4 e6 3. Nf3 d5 4. Nc3 Be7 5. Bf4 O-O 6. e3 c5 7. dxc5 Bxc5 8. Qc2
Nc6 9. a3 Qa5 10. O-O-O Be7 11. g4 dxc4 12. Bxc4 e5 13. g5 exf4 14. gxf6 Bxf6
15. Nd5 Ne7 16. Nxf6+ gxf6 17. Rhg1+ Kh8 18. Nd4 $5 $146 (18. Qe4) 18... fxe3 (
18... Bf5 19. Nxf5 Qxf5 20. Qxf5 Nxf5 21. Bd3 $14) 19. fxe3 Bf5 20. Nxf5 Qxf5 (
20... Nxf5 21. Rd5 Qb6 22. Kb1 Qxe3 (22... Nxe3 $2 23. Qxh7+ Kxh7 24. Rh5#) 23.
Rg4 $40) 21. Bd3 Qe5 (21... Qc8 22. Bxh7 f5 23. Rd4 $1) 22. Kb1 f5 23. Qb3 Rac8
(23... Nd5 $5 24. Rg3 Nxe3 25. Re1 f4 26. Rh3 f5 27. Qxb7 Qg7 $13) 24. Bc2 Qf6
$2 (24... Rc6 $2 25. Qxf7 $1) (24... b5 25. Rd7 a5 $13) 25. Rd7 Nc6 (25... Rc6
26. Rxb7 $16) 26. Rf1 (26. Qd5 Rcd8 27. Qxf5 Qxf5 28. Bxf5 Rxd7 29. Bxd7 Ne5
$14) 26... Ne5 27. Rxf5 Qg7 (27... Nxd7 28. Rxf6 Nxf6 29. Qxb7 $16) 28. Rd4 $1
(28. Rxb7 Nc4 $132) 28... Rc6 29. Rh5 h6 30. Be4 (30. Ka2 $5) 30... Re6 31. Ka2
Ng4 (31... Qg4 32. Rf5 Nc6 33. Qxe6 $1 fxe6 34. Rxf8+ Kg7 35. Rg8+ Kxg8 36.
Bh7+ Kxh7 37. Rxg4 $18) 32. Rh4 $2 (32. Bf5 Nxe3 (32... Rxe3 33. Rxg4 $18) 33.
Bxe6 Qxd4 34. Bxf7 Kg7 35. Be6 b6 36. Rh3 Nf5 37. Rd3 $18) 32... Rb6 (32...
Nxe3 $1 33. Qxe3 f5 34. Qb3 Rxe4 35. Rhxe4 fxe4 36. Rxe4 $16) 33. Qc3 f5 $2 34.
Bxf5 $1 Rxf5 35. Rhxg4 Qf7+ 36. Ka1 Kh7 37. Qd3 Rg6 $138 (37... Rg6 38. Rd7
Rf1+ 39. Qxf1 Qxd7 40. Rd4 Qe6 41. Qd3 Kg7 $16) 1-0

[Event "Sochi-A"]
[Site "Sochi"]
[Date "1989.??.??"]
[Round "?"]
[White "Goldin, Alexander"]
[Black "Geller, Efim P"]
[Result "1-0"]
[WhiteElo "2525"]
[BlackElo "2505"]
[Annotator "Ftacnik,L"]
[PlyCount "63"]
[EventDate "1989.01.??"]
[EventType "tourn"]
[EventRounds "15"]
[EventCountry "URS"]
[EventCategory "10"]
[SourceTitle "CBM 016"]
[Source "ChessBase"]
[SourceDate "1990.06.01"]
[SourceVersion "1"]
[SourceVersionDate "1990.06.01"]
[SourceQuality "1"]

1. d4 d5 2. c4 e6 3. Nc3 Be7 4. Nf3 Nf6 5. Bf4 O-O 6. e3 c5 7. dxc5 Qa5 8. Qc2
Nc6 9. a3 Qxc5 {N} 10. O-O-O Bd7 11. g4 Rfc8 12. Kb1 Be8 13. Nd2 Bf8 14. g5 Nh5
15. cxd5 (15. Nb3 Qb6 16. cxd5 Nxf4 17. exf4 Ne7 $132) 15... Nxf4 16. exf4 Nd4
17. Qd3 Nf5 (17... exd5 18. Bg2 Bc6 19. Rc1 $1) 18. Bh3 b5 19. Bxf5 exf5 20.
Nb3 Qb6 (20... Qxf2 21. Nd4 $40) 21. Qe3 $1 b4 22. Qxb6 axb6 23. axb4 Bxb4 24.
Rd3 $16 Rc4 25. d6 Bxc3 26. Rxc3 Rxf4 27. Rhc1 Bd7 28. Rc7 Be6 29. d7 Rf8 30.
Rd1 Bxd7 (30... Rd8 31. Rc8 $1) 31. Rdxd7 Rxf2 32. h4 {Ftacnik} 1-0

[Event "Sochi-A"]
[Site "Sochi"]
[Date "1989.??.??"]
[Round "?"]
[White "Khalifman, Alexander"]
[Black "Kotronias, Vasilios"]
[Result "1/2-1/2"]
[WhiteElo "2545"]
[BlackElo "2475"]
[Annotator "Ftacnik,L"]
[PlyCount "105"]
[EventDate "1989.01.??"]
[EventType "tourn"]
[EventRounds "15"]
[EventCountry "URS"]
[EventCategory "10"]
[SourceTitle "CBM 016"]
[Source "ChessBase"]
[SourceDate "1990.06.01"]
[SourceVersion "1"]
[SourceVersionDate "1990.06.01"]
[SourceQuality "1"]

1. d4 d5 2. c4 e6 3. Nf3 Nf6 4. Nc3 Be7 5. Bf4 O-O 6. e3 c5 7. dxc5 Bxc5 8. Qc2
Nc6 9. a3 Qa5 10. O-O-O Bd7 {N} 11. g4 Rfc8 12. Kb1 dxc4 13. Nd2 (13. g5 Nd5
14. Nxd5 exd5 15. Rxd5 Be6) 13... Ne7 (13... e5 14. Nxc4 Qc7 15. g5 $40) 14.
Nxc4 Qd8 15. e4 (15. Bg2 Nfd5 16. Nxd5 Nxd5 $132) 15... Ng6 16. Bg3 Qe7 17. h4
h5 $1 18. g5 Ne8 19. e5 (19. Bg2 b5 $132) 19... Bc6 20. Rg1 b5 21. Nd6 Nxd6 22.
exd6 Qd7 23. Bd3 b4 $1 24. axb4 Bxb4 25. Bxg6 Bxc3 26. Bh7+ Kh8 27. Qxc3 (27.
bxc3 Ba4 $19) 27... Kxh7 (27... Be4+ $2 28. Bxe4 Rxc3 29. Bxa8 $18) 28. g6+
fxg6 29. Qd3 Qb7 $19 30. Rde1 Bb5 31. Qb3 Qa6 32. Re3 Rc4 33. Be5 Ra4 34. Kc2
Rc8+ 35. Kd2 Bc4 36. Qc3 Rc5 37. Rxg6 Rd5+ 38. Kc2 Kxg6 39. Rg3+ Kf7 40. Qf3+
Ke8 41. Qxh5+ g6 42. Qxg6+ Kd7 43. Qf7+ Kc6 44. Qc7+ Kb5 45. f4 Bd3+ $2 (45...
Ra1 $5) 46. Rxd3 Rc4+ 47. Qxc4+ Kxc4 48. Ra3 $1 Ra5 49. d7 $1 Rxa3 50. d8=Q Rh3
51. Qd7 Rh2+ 52. Kb1 Qb6 53. Qd1 {Ftacnik} 1/2-1/2

[Event "Linares 09th"]
[Site "Linares"]
[Date "1991.??.??"]
[Round "7"]
[White "Gelfand, Boris"]
[Black "Beliavsky, Alexander G"]
[Result "0-1"]
[WhiteElo "2700"]
[BlackElo "2640"]
[Annotator "Ftacnik,L"]
[PlyCount "64"]
[EventDate "1991.02.??"]
[EventType "tourn"]
[EventRounds "13"]
[EventCountry "ESP"]
[EventCategory "17"]
[SourceTitle "CBM 022"]
[Source "ChessBase"]
[SourceDate "1991.06.01"]
[SourceVersion "1"]
[SourceVersionDate "1991.06.01"]
[SourceQuality "1"]

1. Nf3 {Anand} d5 2. d4 Nf6 3. c4 e6 4. Nc3 Be7 5. Bf4 O-O 6. e3 c5 7. dxc5
Bxc5 8. Qc2 Nc6 9. a3 Qa5 10. O-O-O Bd7 11. g4 Rfc8 12. Kb1 b5 $5 {N} (12...
dxc4 13. Nd2 Ne7 14. Nxc4 $14 {Khalifman,A-Kotronias/Sochi/1989/ ->CBM 16}) (
12... Bf8 13. g5 Nh5 14. Bg3 Ne7 15. Ne5 Be8 16. Be2 f6 $14 {Gelfand,
B-Beliavsky,A/Linares/1990/ ->CBM 17}) 13. cxb5 $5 (13. cxd5 b4 $1 14. dxc6
Bxc6 15. axb4 Bxb4 16. Be2 Bxc3 17. bxc3 Be4 18. Rd3 Rab8+ $19) (13. b4 Bxb4
14. axb4 Nxb4 15. Qb2 bxc4 $19) (13. Nxb5 Ne7 $1) 13... Ne7 14. Nd2 (14. h3 {
Anand} Bxa3) 14... Qd8 (14... Bxa3 $2 15. g5 Ng4 16. Nc4 $1 dxc4 17. Rxd7 Bb4
18. Bg2 $16) 15. Nb3 $2 (15. Be2 $5 $13) (15. Be2 {Anand} d4 $132) 15... Ne4 $1
16. Nxc5 (16. Nxe4 Bxe3 17. Nec5 Bxf4 $17) 16... Rxc5 17. Be5 Nxc3+ 18. Bxc3
Bxb5 19. Bxb5 Rxb5 20. h4 Rc8 21. h5 (21. Rc1 $5 $17) 21... Qd6 $1 22. Qa4 (22.
Ka1 $13 {Anand}) 22... Qb8 23. Be5 Qb7 24. g5 (24. Rc1 $1 {Anand} Nc6 25. Rc2
$13) 24... Nc6 25. Rc1 (25. Bc3 {Anand}) 25... d4 $1 26. Bxd4 Rb8 $1 27. Bc3
Rxb2+ 28. Ka1 Rb6 29. g6 Ra6 30. gxf7+ Kxf7 (30... Kh8 31. h6) 31. Qf4+ Kg8 32.
Qd6 Nd4 $1 {Ftacnik,L} 0-1